| 000 | 00336nam a22001457a 4500 | ||
|---|---|---|---|
| 020 | _a0-19-566309-8 | ||
| 082 |
_a425 _bRAM/L |
||
| 100 | _aRAM,S.K | ||
| 100 | _aGUNASHEKAR,PAUL | ||
| 245 | _aLEARNING TO COMMUNICATE | ||
| 260 |
_aNEW YORK _bOXFORD UNIVERSITY PRESS |
||
| 300 | _a99 | ||
| 650 |
_aLITERARY READER _zNEW YORK |
||
| 942 | _cBK | ||
| 999 |
_c3920 _d3920 |
||